000 01046nam a22002657a 4500
008 160218b xxu||||| |||| 00| 0 eng d
020 _a9783648146576
041 _aeng
050 _a333.73170943
100 _aHackelberg, Florian
245 _aInvesting in German Real Estate
_ba practical guide
250 _a1st
260 _aMunich,
_bHaufe,
_c2021
300 _a380p.
500 _aBook donated by the author
520 _aEssentials for successful real estate investments in Germany; macro-economic structure and dynamics of the German real estate market; real estate investment, trends and strategies; diverse submarkets; residential, offices, retail, hotel and nursing homes; real estate legal, tax and audit frameworks; German REITS and ESG; Real Estate M&A, financing, due diligence and valuations
583 _aDonated by the author
650 _aReal Estate
650 _aInvestment
651 _aGermany
690 _96250
_aInvestments
700 _aHackelberg, Florian
700 _aHennig, Dirk
942 _n0
999 _c121326
_d121326